000 00830nam a22001697a 4500
999 _c56901
_d56901
005 20190612150533.0
008 190612b2019 ||||| |||| 00| 0 rus d
020 _q2224-0713
245 _aМеждународний Неврологический Журнал :
_b2018 № 5 (99) International Neurological Journal /
_cГлав: Ред: Станислав Эвтушенко.
260 _aДонецьк :
_bЗаславскии,
_c2018.
300 _aV.
653 _aპერიოდიკა
653 _aსაერთაშორისო ნევროლოგიური ჟურნალი
653 _aМеждународний Неврологический Журнал
700 _aЭвтушенко Станислав
_eმთავარი რედაქტორი
_92452
942 _2udc
_cCR